|
|
|
|
| LEADER |
00000nam a2200000Ii 4500 |
| 001 |
DIGCOJAL0060 |
| 003 |
NyNyDIG |
| 006 |
m o d |
| 007 |
cr ||||||||||| |
| 008 |
250404s2022 mx a o 000 0 spa d |
| 035 |
|
|
|a (OCoLC)1513492778
|
| 040 |
|
|
|a DGITA
|b eng
|e rda
|e pn
|c DGITA
|
| 020 |
|
|
|z 9786078831005
|
| 043 |
|
|
|a n-mx---
|
| 050 |
1 |
4 |
|a PQ7297.M73 ebook
|
| 100 |
1 |
|
|a Alba, Alfonso de,
|e author.
|
| 245 |
1 |
0 |
|a Antonio Moreno y Oviedo y la generación de 1903 /
|c Alfonso de Alba ; prólogo de Mariano Azuela ; capitulares de Alberto Beltrán.
|
| 264 |
|
1 |
|a Zapopan, Jalisco :
|b El Colegio de Jalisco,
|c [2022]
|
| 300 |
|
|
|a 1 online resource :
|b illustrations.
|
| 336 |
|
|
|a text
|b txt
|2 rdacontent
|
| 337 |
|
|
|a computer
|b c
|2 rdamedia
|
| 338 |
|
|
|a online resource
|b cr
|2 rdacarrier
|
| 347 |
|
|
|a text file
|2 rdaft
|
| 347 |
|
|
|b PDF
|
| 490 |
1 |
|
|a Biblioteca de autores laguenses ;
|v Tomo X
|
| 588 |
0 |
|
|a Online resource; title from PDF title page (Digitalia, viewed April 4, 2025)
|
| 600 |
1 |
0 |
|a Moreno y Oviedo, Antonio,
|d 1862-1949
|x Criticism and interpretation.
|
| 650 |
|
0 |
|a Mexican literature
|z Mexico
|z Jalisco
|x History and criticism.
|
| 650 |
|
0 |
|a Mexican poetry
|z Mexico
|z Jalisco
|x History and criticism.
|
| 650 |
|
0 |
|a Satire, Mexican
|z Mexico
|z Jalisco
|x History and criticism.
|
| 700 |
1 |
|
|a Azuela, Mariano,
|d 1873-1952,
|e contributor agent of text.
|
| 700 |
1 |
|
|a Beltrán, Alberto,
|e contributor agent of text.
|
| 791 |
2 |
|
|a Digitalia (Firm),
|e distributor.
|
| 793 |
0 |
|
|g Digitalia eBook Collection:
|a El Colegio de Jalisco
|
| 776 |
0 |
8 |
|i Print version:
|a Alba, Alfonso de.
|t Antonio Moreno y Oviedo y la generación de 1903.
|b Primera edición.
|d Zapopan, Jalisco : El Colegio de Jalisco, 2022
|z 9786078831005
|
| 830 |
|
0 |
|a Biblioteca de autores laguenses ;
|v t. 10.
|
| 856 |
4 |
0 |
|3 Digitalia Hispánica
|u https://www.digitaliapublishing.com/a/172222/
|
| 910 |
|
|
|a Premium collection: 2025
|